000 00484nam a2200205Ia 4500
003 OSt
005 20230420152947.0
008 210423s2009 xx 000 0 und d
020 _a9780143065883
040 _cAL
041 _aeng
082 _a823 SINK
100 _aSINGH (Khushwant).
_991180
245 _aTrain to Pakistan.
260 _aNew Delhi
_bPenguin Books Ltd
_c2009
300 _a190
_bPB
365 _b199
_cINR
906 _apakistan. ; Train
942 _2ddc
_cBK
999 _c160360
_d160360